000 00941nam a2200241 a 4500
001 59666
003 BD-RjUL
005 20211209080745.0
008 161226s20001998bg ||||e |||| 000 0 ben d
020 _c: Tk.175.00
035 _a(BD-RjUL)59790
040 _aBD-RjUL
_bben
_cBD-RjUL
_dBD-RjUL
041 _aben
082 _223
_a320.95492
_bHUB 2000
100 _aহক, আবুল ফজল
_9118217
245 1 0 _aবাংলাদেশের শাসনব্যবস্থা ও রাজনীতি /
_cআবুল ফজল হক
250 _a৬ ষ্ঠ সং.
260 _aরংপুর :
_bটাউন ষ্টোর্স,
_c১৯৯৮ [মুদ্রণ ২০০০]
300 _a[১৪], ৪৪০ পৃ. ;
_c২২ সেমি.
650 _aরাজনীতি ও সরকার
_zবাংলাদেশ
_9119957
650 _aPolitics and government
_zBangladesh
_9119958
942 _2ddc
_cBK
999 _c59666
_d59666